[Event "GER JU-S65 email"]
[Site "GER email"]
[Date "2008.02.14"]
[Round "?"]
[White "Hombach, Max"]
[Black "Kunz, Andre"]
[Result "1-0"]
[WhiteElo "2055"]
[BlackElo "2182"]
[PlyCount "36"]
[EventDate "2008.??.??"]
[EventType "tourn (corr)"]
[EventRounds "6"]
[EventCountry "GER"]
[SourceTitle "Corr 2011"]
[Source "ChessBase"]
[SourceDate "2010.08.31"]
[SourceVersion "1"]
[SourceVersionDate "2010.08.31"]
[SourceQuality "1"]

1. Nc3 c5 2. f4 d5 3. e4 d4 4. Nce2 Nc6 5. Nf3 Nf6 6. d3 g6 7. h3 Bg7 8. g3 e5 9. fxe5 Nd7 10. Bg2 Ndxe5 11. Nxe5 Bxe5 12. 0-0 g5 13. a3 a5 14. Rf2 0-0 15. Qf1 Be6 16. Qe1 f6 17. Bd2 Qd7 18. Qf1 a4 1-0